Mathematics structure and skills (Record no. 543503)
[ view plain ]
| 000 -LEADER | |
|---|---|
| fixed length control field | 00334nam a22001217a 4500 |
| 082 ## - DEWEY DECIMAL CLASSIFICATION NUMBER | |
| Classification number | 510 |
| Author Mark | DEN |
| 100 ## - MAIN ENTRY--PERSONAL NAME | |
| Personal name | Richard A, Denholm |
| 9 (RLIN) | 38881 |
| 245 ## - TITLE STATEMENT | |
| Title | Mathematics structure and skills |
| Statement of responsibility, etc. | Denholm, Richard A |
| 300 ## - PHYSICAL DESCRIPTION | |
| Extent | 471 p. : |
| Other physical details | ill. ; |
| Dimensions | 20 cm. + |
| 526 ## - STUDY PROGRAM INFORMATION NOTE | |
| Program name | 0 |
| Interest level | 0 |
| Reading level | 0 |
| Title point value | 510_000000000000000_DEN |
| 650 ## - SUBJECT ADDED ENTRY--TOPICAL TERM | |
| Topical term or geographic name entry element | MCE |
| 9 (RLIN) | 379 |
| 942 ## - ADDED ENTRY ELEMENTS (KOHA) | |
| Source of classification or shelving scheme | |
| Koha item type | Book |
| Withdrawn status | Lost status | Source of classification or shelving scheme | Damaged status | Not for loan | Permanent Location | Current Location | Date acquired | Total Checkouts | Full call number | Barcode | Date last seen | Price effective from | Koha item type |
|---|---|---|---|---|---|---|---|---|---|---|---|---|---|
| Military College of Engineering (MCE) | Military College of Engineering (MCE) | 03/26/2014 | 510 DEN | MCE-15826 | 03/26/2014 | 03/26/2014 | Book |
